SURGICAL ATLAS OF SPINE KOREAN SPINAL NEUROSURGERY SOCIETY (Record no. 799169)

MARC details
000 -LEADER
fixed length control field 00386pam a2200145 a 4500
020 ## - INTERNATIONAL STANDARD BOOK NUMBER
International Standard Book Number 9788962783230
Terms of availability
041 ## - LANGUAGE CODE
Language code of original
082 ## - DEWEY DECIMAL CLASSIFICATION NUMBER
Classification number 617.3
Item number ZHA/MED
100 ## - MAIN ENTRY--PERSONAL NAME
Personal name ZHANG H.Y., MEDART.
245 ## - TITLE STATEMENT
Title SURGICAL ATLAS OF SPINE KOREAN SPINAL NEUROSURGERY SOCIETY
Medium Textual Documents
260 ## - PUBLICATION, DISTRIBUTION, ETC.
Place of publication, distribution, etc. [s.l]:
Name of publisher, distributor, etc. KOONJA PUB.,
Date of publication, distribution, etc. 2010.
300 ## - PHYSICAL DESCRIPTION
Extent 532:
Other physical details XIX;
Dimensions HB.
650 ## - SUBJECT ADDED ENTRY--TOPICAL TERM
Topical term or geographic name entry element ORTHO
930 ## - EQUIVALENCE OR CROSS-REFERENCE-UNIFORM TITLE HEADING [LOCAL, CANADA]
Uniform title 4641
Holdings
Withdrawn status Lost status Damaged status Not for loan Collection Home library Current library Date acquired Source of acquisition Cost, normal purchase price Total Checkouts Full call number Barcode Date last seen Copy number Price effective from Koha item type
          Medical College & Hospital, Sangli Medical College & Hospital, Sangli 22/07/2011 B.M.S.G.B.PUNE 14190.00   617.3 ZHA/MED MCS-9535 26/07/2023 1 26/07/2023 Book